Famous Blues Musicians 🎸 - Statistics

General Stats
  • This quiz has been taken 69 times
  • The average score is 7 of 13
Answer Stats
Life Hint Musician % Correct
1925 2015 "The Thrill is Gone" singer with guitar Lucille B. B. King
91%
1945– British blues-rock icon who played with Cream Eric Clapton
81%
1913–1983 Father of Chicago Blues who recorded “Hoochie Coochie Man” Muddy Waters
68%
1911–1938 "Hellhound on My Trail" bluesman who sold his soul at the crossroads Robert Johnson
68%
1954–1990 Texas blues guitarist who had band Double Trouble Stevie Ray Vaughan
67%
1938–2012 She sang "I'd Rather Go Blind" and "At Last" Etta James
58%
1910–1976 Chicago blues giant of "Smokestack Lightning" and "Spoonful" Howlin' Wolf
54%
1889–1949 "Goodnight, Irene", "'Midnight Special", "Where Did You Sleep Last Night?" Lead Belly
47%
1917–2001 "Talking blues" style and gravely voice; "Boom Boom", "Boogie Chillen’" John Lee Hooker
44%
1936– "Damn Right, I've Got the Blues", "Mustang Sally" Buddy Guy
42%
1912–1982 Fingerpicking Texan guitarist of "Mojo Hand" and "Bring Me My Shotgun" Lightnin' Hopkins
35%
1901–1959 Blind Piedmont blues guitarist who wrote “Statesboro Blues” Blind Willie McTell
33%
1915–1992 Songwriter: “Hoochie Coochie Man”, “I Just Want to Make Love to You” Willie Dixon
28%
No matching quizzes found
Score Distribution
Percent of People with Each Score
Percentile by Number Answered
Your Score History
You have not taken this quiz